000 00405 a2200121 4500
001 ART_41852
005 20260410162024.0
008 260409a
245 1 0 _aNuevos patrones de migración intermunicipal en el Brasil
100 1 _aLima, Everton Emanuel Campos de
700 1 _aGomes Braga, Fernando
773 0 _tNotas de población
_g- Año XLIII, Nº 103 (jul./dic. 2016)
_wREV41841
999 _c33358
_d33358